| 000 | 00581nam a22001937a 4500 | ||
|---|---|---|---|
| 005 | 20260225113618.0 | ||
| 008 | 260225b |||||||| |||| 00| 0 eng d | ||
| 020 | _a9781032266824 (pbk) | ||
| 040 | _cPK-LaUMT | ||
| 082 |
_a711.40285 _bSMA- |
||
| 245 |
_aSmart cities : _bblockchain-based systems, networks, and data / _cby Jianbin gao ...[et al.] |
||
| 260 |
_aBoca Raton : _bCRC Press, _c2023 |
||
| 300 | _a229 p. | ||
| 650 |
_aSmart cities _99485 |
||
| 700 |
_aQi Xia, _99486 |
||
| 700 |
_aKwame Omono Asaamoah _99487 |
||
| 710 |
_a Bonsu Adeiei-Arthur _99488 |
||
| 942 | _cBK | ||
| 999 |
_c139888 _d139888 |
||